[Event "Titled Tuesday intern op 27th Dec Early"]
[Site "Chess.com INT"]
[Date "2022.12.27"]
[Round "10"]
[White "Moreno Perez, Tobias Sebastian"]
[Black "Mendez Fortes, Eduardo Jesus"]
[Result "0-1"]
[WhiteElo "2249"]
[BlackElo "2250"]
[PlyCount "136"]
[EventDate "2022.12.27"]
[EventType "swiss (blitz)"]
[EventRounds "11"]
[EventCountry "USA"]
[SourceTitle "EXT 2024"]
[Source "ChessBase"]
[SourceDate "2023.10.10"]
[SourceVersion "1"]
[SourceVersionDate "2023.10.10"]
[SourceQuality "1"]

1. Nf3 d5 2. b3 Nf6 3. Bb2 e6 4. g3 c5 5. Bg2 Nc6 6. 0-0 d4 7. e3 Be7 8. Na3 0-0 9. c4 e5 10. exd4 cxd4 11. d3 Re8 12. Nc2 Nd7 13. Re1 Bf8 14. Nd2 a5 15. a3 Ra7 16. Qe2 Nc5 17. b4 Na4 18. b5 Nxb2 19. bxc6 bxc6 20. Reb1 Na4 21. Rb8 Bd6 22. Rb3 Nc3 23. Qh5 g6 24. Qf3 Rc7 25. Rxc3 dxc3 26. Ne4 f5 27. Nxc3 Bc5 28. Na4 Bd4 29. Re1 c5 30. Nb6 Bb7 31. Qe2 Bxg2 32. Kxg2 e4 33. Nd5 Rd7 34. Qd2 Rxd5 35. cxd5 Qxd5 36. dxe4 Rxe4 37. Rxe4 Qxe4+ 38. f3 Qe5 39. Qd3 a4 40. Qa6 Kg7 41. Qb7+ Kh6 42. Qb5 Bc3 43. Qd3 Bd4 44. h4 Kg7 45. Kh3 Qd5 46. Qe2 Qd7 47. Kg2 h5 48. Ne1 Qd5 49. Nd3 Kf7 50. Nf4 Qb3 51. Qa6 Qc2+ 52. Kh3 Bg1 53. Qe6+ Kf8 54. Qf6+ Ke8 55. Qxg6+ Kd8 56. Qd6+ Kc8 57. Qc6+ Kb8 58. Qb6+ Kc8 59. Qc6+ Kd8 60. Qd6+ Kc8 61. Ng2 f4 62. Qc6+ Kd8 63. Qd6+ Ke8 64. Qxf4 Qd3 65. Qb8+ Ke7 66. Qb7+ Qd7+ 67. Qxd7+ Kxd7 68. Nf4 Be3 0-1

[Event "Titled Tuesday intern op 27th Dec Early"]
[Site "Chess.com INT"]
[Date "2022.12.27"]
[Round "7"]
[White "Prieto Aranguren, Alain"]
[Black "Moreno Perez, Tobias Sebastian"]
[Result "0-1"]
[WhiteElo "2267"]
[BlackElo "2249"]
[PlyCount "28"]
[EventDate "2022.12.27"]
[EventType "swiss (blitz)"]
[EventRounds "11"]
[EventCountry "USA"]
[SourceTitle "EXT 2024"]
[Source "ChessBase"]
[SourceDate "2023.10.10"]
[SourceVersion "1"]
[SourceVersionDate "2023.10.10"]
[SourceQuality "1"]

1. e4 c6 2. d4 d5 3. exd5 cxd5 4. Bd3 Nc6 5. Nf3 Nf6 6. 0-0 Bg4 7. c3 e6 8. Nbd2 Bd6 9. Qa4 0-0 10. Re1 Qd7 11. Ne5 Nxe5 12. Bb5 Nc6 13. Nb3 a6 14. Bf1 b5 0-1